[Event "Fr. Lopez Sleeps with the Fishes (No 1..e5/1..c5)"]
[Site "SchemingMind.com"]
[Date "2008.05.19"]
[Round "-"]
[White "fjpv"]
[Black "C. H. O'D. Schlechter"]
[Result "1/2-1/2"]
[WhiteCountry "POR"]
[BlackCountry "USA"]
[WhiteElo "2399"]
[WhiteRD "82"]
[BlackElo "2428"]
[BlackRD "73"]
[GameID "155453"]

1. e4 c6 2. d4 d5 3. e5 c5 4. Nf3 Nc6 5. dxc5 Bg4 6. Bb5 Qa5+ 7. Nc3 e6 8. Bd2 Qc7 9. Be3 Ne7 10. h3 Bxf3
11. Qxf3 Ng6 12. O-O Be7 13. Bd4 O-O 14. Bxc6 Qxc6 15. b4 f6 16. exf6 Bxf6 17. Bxf6 Rxf6 18. Qe3 b6 19. cxb6 Nf4 20. Rfe1 axb6
21. b5 Qc7 22. Ne2 Ra4 23. Nxf4 Raxf4 24. Re2 Qc4 25. Qd3 Qc5 26. Qg3 Qxb5 27. Rxe6 Rxf2= 28. Rxf6 Rxf6 29. Qb8+ Rf8 30. Qd6 Rf6
31. Qb8+=
1/2-1/2

[Event "Fr. Lopez Sleeps with the Fishes (No 1..e5/1..c5)"]
[Site "SchemingMind.com"]
[Date "2008.05.18"]
[Round "-"]
[White "fjpv"]
[Black "Toivop"]
[Result "1-0"]
[WhiteCountry "POR"]
[BlackCountry "EST"]
[WhiteElo "2349"]
[WhiteRD "87"]
[BlackElo "2221"]
[BlackRD "87"]
[GameID "155454"]

1. e4 d6 2. d4 Nf6 3. Nc3 c6 4. Nf3 Bg4 5. Be2 Nbd7 6. Be3 e5 7. O-O Be7 8. h3 Bxf3 9. Bxf3 O-O 10. Qd3 Qb6
11. Be2 exd4 12. Bxd4 Nc5 13. Qe3 Nfd7 14. Na4 Qc7 15. Nxc5 dxc5 16. Bc3 Bf6 17. f4 Bxc3 18. Qxc3 b5 19. e5 c4 20. b3 Qb6+
21. Kh1 cxb3 22. axb3 Nc5 23. Bf3 b4 24. Qc4 g6 25. f5 Rae8 26. e6 fxe6 27. fxe6 Nxe6 28. Bxc6 Re7 29. Bd5 a5 30. Rae1 Rxf1+
31. Rxf1 Kg7 32. Re1 Rc7 33. Qe4 Re7 34. Qe5+ Kh6 35. Qf6 Rd7 36. Qh4+ Kg7 37. Rxe6
1-0

[Event "Fr. Lopez Sleeps with the Fishes (No 1..e5/1..c5)"]
[Site "SchemingMind.com"]
[Date "2008.05.23"]
[Round "-"]
[White "fjpv"]
[Black "Mekk"]
[Result "1-0"]
[WhiteCountry "POR"]
[BlackCountry "POL"]
[WhiteElo "2399"]
[WhiteRD "82"]
[BlackElo "1948"]
[BlackRD "69"]
[GameID "155455"]

1. e4 e6 2. d4 d5 3. e5 c5 4. c3 Nc6 5. Nf3 Bd7 6. Be2 Qb6 7. a3 a5 8. O-O a4 9. dxc5 Bxc5 10. c4 Nge7
11. Nc3 d4 12. Nxa4 Rxa4 13. Qxa4 O-O 14. Qd1 Ng6 15. b4 Be7 16. c5 Qc7 17. Nxd4 Ncxe5 18. f4 Nc6 19. Nb5 Qd8 20. Ra2 Qc8
21. Rd2 Rd8 22. Bb2 Be8 23. Rxd8 Qxd8 24. Qxd8 Bxd8 25. Nd6 Kf8 26. Nxb7 Bc7 27. g3
1-0

[Event "Fr. Lopez Sleeps with the Fishes (No 1..e5/1..c5)"]
[Site "SchemingMind.com"]
[Date "2008.05.18"]
[Round "-"]
[White "fjpv"]
[Black "JasonY1982"]
[Result "1-0"]
[WhiteCountry "POR"]
[BlackCountry "USA"]
[WhiteElo "2402"]
[WhiteRD "85"]
[BlackElo "2079"]
[BlackRD "69"]
[GameID "155458"]

1. e4 c6 2. d4 d5 3. e5 Bf5 4. Nf3 e6 5. Be2 Nd7 6. O-O Ne7 7. Nc3 Nb6 8. a4 a5 9. Nh4 Bg6 10. f4 Nf5
11. Nxf5 Bxf5 12. g4 Be4 13. f5 Be7 14. fxe6 fxe6 15. Nxe4 dxe4 16. c3 Rf8 17. Qc2 Rxf1+ 18. Bxf1 Bg5 19. Qb3 Bxc1 20. Rxc1 Nd5
21. Qxb7 Rc8 22. Qxg7 Qe7 23. Qh6 Kd7 24. c4 Nb4 25. Bg2 Nd3 26. Rb1 Rb8 27. Bxe4 Nxb2 28. d5 cxd5 29. cxd5 exd5 30. Bf5+ Kd8
31. Qc6
1-0

[Event "Fr. Lopez Sleeps with the Fishes (No 1..e5/1..c5)"]
[Site "SchemingMind.com"]
[Date "2008.05.18"]
[Round "-"]
[White "fjpv"]
[Black "Andreas Flato"]
[Result "1-0"]
[WhiteCountry "POR"]
[BlackCountry "GER"]
[WhiteElo "2332"]
[WhiteRD "88"]
[BlackElo "1847"]
[BlackRD "66"]
[GameID "155459"]

1. e4 e6 2. d4 d5 3. e5 c5 4. c3 Qb6 5. Nf3 Nc6 6. a3 Bd7 7. b4 cxd4 8. cxd4 Nge7 9. Nc3 Nf5 10. Na4 Qc7
11. Bb2 Be7 12. Rc1 Qb8 13. Nc5 Bxc5 14. dxc5 O-O 15. Bd3 Nfe7 16. b5 Nd8 17. Bxh7+ Kh8 18. Ng5 g6 19. Qf3
1-0

[Event "Fr. Lopez Sleeps with the Fishes (No 1..e5/1..c5)"]
[Site "SchemingMind.com"]
[Date "2008.05.20"]
[Round "-"]
[White "C. H. O'D. Schlechter"]
[Black "fjpv"]
[Result "1-0"]
[WhiteCountry "USA"]
[BlackCountry "POR"]
[WhiteElo "2428"]
[WhiteRD "73"]
[BlackElo "2399"]
[BlackRD "82"]
[GameID "155460"]

1. e4 d5 2. exd5 Qxd5 3. Nf3 Bg4 4. Be2 Nc6 5. d4 O-O-O 6. Be3 Nh6 7. h3 Bxf3 8. Bxf3 Qb5 9. Nc3 Qxb2 10. Ne2 Qb5
11. c3 e6 12. Rb1 Qc4 13. O-O Nf5 14. Qc2 Be7 15. Be4 Nxe3 16. fxe3 Rhf8 17. Bd3 Qd5 18. Qa4 b6 19. c4 Qd7 20. c5 Bg5
21. Kf2 Qd5 22. e4 Qd7 23. Bb5 Kb8 24. Bxc6 Qc8 25. Rb5 Bd2 26. Rfb1 Rd7 27. Bxd7 Qb7 28. c6 Qa8 29. Qa6 Ba5 30. Rxa5 h5
31. Nc3
1-0

[Event "Fr. Lopez Sleeps with the Fishes (No 1..e5/1..c5)"]
[Site "SchemingMind.com"]
[Date "2008.05.19"]
[Round "-"]
[White "Toivop"]
[Black "fjpv"]
[Result "0-1"]
[WhiteCountry "EST"]
[BlackCountry "POR"]
[WhiteElo "2214"]
[WhiteRD "89"]
[BlackElo "2402"]
[BlackRD "85"]
[GameID "155461"]

1. Nf3 d5 2. g3 Nf6 3. Bg2 g6 4. O-O Bg7 5. d4 O-O 6. c4 dxc4 7. Na3 Nc6 8. Nxc4 Bf5 9. Nce5 Be4 10. Bg5 Rb8
11. Rc1 h6 12. Be3 Nd5 13. Nxc6 bxc6 14. Qd2 g5 15. b3 Rb5 16. Rfd1 f5 17. Ne1 Bxg2 18. Nxg2 Qd6 19. Qd3 Nb4 20. Qd2 Nd5
21. f4 Nxe3 22. Nxe3 gxf4 23. Nc4 Qe6 24. Qxf4 Qxe2 25. Ne5 Qxa2 26. Nxc6 Qxb3 27. Nxe7+ Kh7 28. Re1 Qa2 29. g4 Rb2 30. gxf5 Rf7
31. Re4 Bf6 32. Rce1 Rg2+ 33. Kh1 Bg5 34. Qf1 Rxh2+ 35. Kg1 Bf6 36. Ra1 Qc2 37. Qf3 Rh3 38. Qe2 Qc3 39. Rd1 Bxe7 40. Rxe7 Qg3+
0-1

[Event "Fr. Lopez Sleeps with the Fishes (No 1..e5/1..c5)"]
[Site "SchemingMind.com"]
[Date "2008.05.23"]
[Round "-"]
[White "Mekk"]
[Black "fjpv"]
[Result "0-1"]
[WhiteCountry "POL"]
[BlackCountry "POR"]
[WhiteElo "1948"]
[WhiteRD "69"]
[BlackElo "2399"]
[BlackRD "82"]
[GameID "155462"]

1. e4 d5 2. exd5 Qxd5 3. Nc3 Qd6 4. d4 Nf6 5. h3 Nc6 6. Nf3 Be6 7. Be3 a6 8. Qd2 O-O-O 9. O-O-O h6 10. g4 g5
11. Bg2 Bg7 12. Kb1 Bc4 13. Qc1 Nd5 14. Nxd5 Bxd5 15. c3 Qe6 16. b3 Be4+ 17. Kb2 Qd5 18. c4 Qe6 19. Ne1 Rxd4 20. Rxd4 Nxd4
21. Ka3 Qd6+ 22. c5 Nb5+ 23. Kb4 Qc6 24. Rg1 Nc3 25. Bxe4 Qb5+
0-1

[Event "Fr. Lopez Sleeps with the Fishes (No 1..e5/1..c5)"]
[Site "SchemingMind.com"]
[Date "2008.05.18"]
[Round "-"]
[White "JasonY1982"]
[Black "fjpv"]
[Result "0-1"]
[WhiteCountry "USA"]
[BlackCountry "POR"]
[WhiteElo "2071"]
[WhiteRD "69"]
[BlackElo "2399"]
[BlackRD "82"]
[GameID "155465"]

1. e4 d5 2. exd5 Qxd5 3. Nc3 Qd6 4. d4 Nf6 5. Nf3 a6 6. g3 Bg4 7. h3 Bh5 8. Bg2 Nc6 9. O-O O-O-O 10. Bf4 Qb4
11. g4 Bg6 12. a3 Qxb2 13. Qe1 e6 14. Rb1 Qxc2 15. Ne5 Nd5 16. Rc1 Nxf4 17. Rxc2 Nxg2 18. Kxg2 Nxe5 19. Qxe5 Bxc2 20. Rc1 Bd6
21. Qxg7 Bg6 22. a4 h5 23. g5 Bf4 24. Rd1 Rhg8 25. Qf6 Bxg5 26. Qxg5 Bc2
0-1

[Event "Fr. Lopez Sleeps with the Fishes (No 1..e5/1..c5)"]
[Site "SchemingMind.com"]
[Date "2008.05.18"]
[Round "-"]
[White "Andreas Flato"]
[Black "fjpv"]
[Result "0-1"]
[WhiteCountry "GER"]
[BlackCountry "POR"]
[WhiteElo "1847"]
[WhiteRD "66"]
[BlackElo "2332"]
[BlackRD "88"]
[GameID "155466"]

1. e4 d5 2. exd5 Qxd5 3. Nc3 Qd6 4. Nf3 Nf6 5. h3 a6 6. Be2 h6 7. d3 Nc6 8. O-O e5 9. Ne4 Nxe4 10. dxe4 Qg6
11. Kh2 Bd6 12. Bd3 Nb4 13. a3 Nxd3 14. cxd3 Be6 15. Nh4 Qf6 16. g3 O-O-O 17. f4 exf4 18. Bxf4 Bxf4 19. Rxf4 Qxb2+
0-1